00402nam a2200145 4500010001500000020001100015035001400026037000900040082001100049100002100060245006600081260003800147270005100185300002000236 aENG-147589 c300.00 aEN-131121 bDBAD a250b1 aRhys Davids,T.W. aThe History And Litherature of Buddhism/cby T.W. Rhys Davids a IndiabKaushalya Prakashanc1896 aN-11,C-3/24/3,HUDCO, AurangabadbIndiae431003 a178p.c24cm(hb)